000 00833nas a2200265 4500
001 BR9211412
003 BR-BrBNA
005 20231205093456.0
007 ta
008 230509b bl.|||p| |||| 00| 00por d
040 _aBR-BrBNA
_bpor
_cBiblioteca Nacional de Agricultura
041 _a(Pt)
072 _aF01
100 1 _aTeofilo, E.M.
100 1 _aAragao, R.G.M.
100 1 _aPaiva, J.B.
100 1 _aAlves, J.F.
245 1 _aEfeitos do acido giberelico no crescimento e diferenciacao do feijao-de-corda, Vigna sinensis (L.)Savi
650 _aFEIJAO DE CORDA
650 _aACIDO GIBERELICO
650 _aESTIMULANTE DE CRESCIMENTO VEGETAL
773 0 _tCiencia Agronomica (Brazil)
_xISSN 0045-6888
_g(Dec 1980), v. 10(2) p. 105-108
_wBR9211412
909 _a202311
_bLúcia
_c55
_dLúcia Elande
942 _2AGRIS
_n0
_cANA
999 _c138621
_d138621